[Event "Milan Expo op"]
[Site "Milan"]
[Date "2015.06.23"]
[Round "4"]
[White "Ricciardi, Arcangelo"]
[Black "Costisanu, Romica"]
[Result "1-0"]
[WhiteElo "1786"]
[BlackElo "1427"]
[PlyCount "115"]
[EventDate "2015.06.20"]
[EventType "swiss"]
[EventRounds "9"]
[EventCountry "ITA"]
[SourceTitle "CBM 167 Extra"]
[Source "ChessBase"]
[SourceDate "2015.09.14"]
[SourceVersion "1"]
[SourceVersionDate "2015.09.14"]
[SourceQuality "1"]

1. e4 e5 2. Nf3 d6 3. d4 Bg4 4. dxe5 dxe5 5. Qxd8+ Kxd8 6. Nxe5 Bh5 7. Bc4 Ke8 8. Nd3 f6 9. Bf4 Bd6 10. Nc3 Nc6 11. Nb5 Ne5 12. Bxe5 fxe5 13. f4 a6 14. Nxd6+ cxd6 15. fxe5 b5 16. Bd5 Rd8 17. a4 Ne7 18. Bb7 bxa4 19. Bxa6 dxe5 20. Bb5+ Kf7 21. g4 Bg6 22. 0-0+ Ke6 23. Nc5+ Kd6 24. Nb7+ Kc7 25. Nxd8 Rxd8 26. Rxa4 Rd2 27. Bd3 Nc6 28. Rc4 Kb6 29. b4 Nd4 30. Rc5 Ne2+ 31. Kh1 Nf4 32. Ra1 Nxd3 33. cxd3 Rxd3 34. Re1 Rd4 35. Rxe5 Rxb4 36. Re7 Kc5 37. Kg1 Kd4 38. h4 Rb3 39. h5 Rg3+ 40. Kf2 Rxg4 41. hxg6 Rxg6 42. Rd1+ Kc3 43. Rc7+ Kb2 44. Rdd7 h5 45. Rxg7 Rxg7 46. Rxg7 Kc3 47. Ra7 Kd4 48. Kf3 Ke5 49. Ra5+ Kf6 50. Kf4 Kg6 51. Rg5+ Kf6 52. e5+ Ke6 53. Rg6+ Ke7 54. Kf5 Kf7 55. e6+ Ke7 56. Rg7+ Kf8 57. Kf6 Ke8 58. Rg8# 1-0

[Event "Milan Expo op"]
[Site "Milan"]
[Date "2015.06.20"]
[Round "1"]
[White "Ravagnani, Tiziano"]
[Black "Costisanu, Romica"]
[Result "1-0"]
[WhiteElo "1933"]
[BlackElo "1427"]
[PlyCount "103"]
[EventDate "2015.06.20"]
[EventType "swiss"]
[EventRounds "9"]
[EventCountry "ITA"]
[SourceTitle "CBM 167 Extra"]
[Source "ChessBase"]
[SourceDate "2015.09.14"]
[SourceVersion "1"]
[SourceVersionDate "2015.09.14"]
[SourceQuality "1"]

1. e4 e5 2. Nf3 Nc6 3. Bb5 Nd4 4. Nxd4 exd4 5. 0-0 c6 6. Bc4 b5 7. Bb3 Qh4 8. Qf3 Nf6 9. e5 Ng4 10. Qxf7+ Kd8 11. Qf4 g5 12. Qg3 Qxg3 13. hxg3 Nxe5 14. d3 h6 15. f4 Ng4 16. fxg5 hxg5 17. Bxg5+ Kc7 18. Nd2 d5 19. a4 b4 20. Rae1 Bd6 21. Rf7+ Kb6 22. Bf4 Bxf4 23. gxf4 Ne3 24. Nf1 Ng4 25. Ree7 a5 26. Nd2 Ne3 27. Nf3 Rg8 28. Rg7 Rxg7 29. Rxg7 Nf5 30. Rg8 Kc7 31. g4 Ne3 32. f5 Rb8 33. Nxd4 Bd7 34. Rg7 Kd6 35. Rg6+ Ke5 36. Ne2 Rh8 37. Kf2 Nxg4+ 38. Rxg4 Bxf5 39. Rg7 Rh2+ 40. Ke3 Rh3+ 41. Rg3 d4+ 42. Kf3 Rh1 43. Rg7 Rf1+ 44. Kg2 Re1 45. Ng3 Rd1 46. Rg5 Rd2+ 47. Kf3 c5 48. Rxf5+ Kd6 49. Ne4+ Kc6 50. Nxd2 Kd6 51. Ke4 Kc6 52. Rf6+ 1-0

[Event "Milan SSM op"]
[Site "Milan"]
[Date "2014.01.21"]
[Round "3"]
[White "Marchesotti, Giovanni"]
[Black "Costisanu, Romica"]
[Result "1-0"]
[WhiteElo "1526"]
[BlackElo "1484"]
[PlyCount "83"]
[EventDate "2014.01.14"]
[EventType "swiss"]
[EventRounds "8"]
[EventCountry "ITA"]
[SourceTitle "EXT 2015"]
[Source "ChessBase"]
[SourceDate "2014.11.20"]
[SourceVersion "1"]
[SourceVersionDate "2014.11.20"]
[SourceQuality "1"]

1. Nf3 Nf6 2. g3 d5 3. Bg2 c6 4. 0-0 e6 5. d3 h6 6. Nbd2 g5 7. h3 Bd6 8. e4 Nh5 9. e5 Be7 10. c4 Qb6 11. Kh2 Nd7 12. cxd5 exd5 13. Qe2 Nc5 14. Nd4 Ng7 15. N2b3 Nce6 16. Be3 Qc7 17. Nxe6 Nxe6 18. d4 b6 19. Rac1 a5 20. Bxd5 Bd7 21. Bxc6 Bxc6 22. d5 Qxe5 23. Rxc6 Qxd5 24. Rxb6 0-0 25. Rb5 Qd8 26. Rd1 Qc8 27. Rxa5 Qb7 28. Bd4 Rxa5 29. Nxa5 Qd5 30. Qe5 Qxe5 31. Bxe5 f6 32. Bc3 Rc8 33. Nb3 Rc4 34. Nd4 Nxd4 35. Rxd4 Rc7 36. Bb4 h5 37. Bxe7 Rxe7 38. Kg2 Kf7 39. a4 Ke6 40. Re4+ Kd6 41. Rxe7 Kxe7 42. a5 1-0